| 000 | 00562nam a2200181 i 4500 | ||
|---|---|---|---|
| 001 | 72134 | ||
| 003 | ES-MaACL | ||
| 005 | 20230906171331.0 | ||
| 007 | t| | ||
| 008 | 040826s1970 sp ||||1| spa d | ||
| 100 | 1 |
_aGilbert, Stephen. _956921 |
|
| 245 | 1 | 0 |
_aDiario del hombre-rata _b: novela / _cStephen Gilbert ; [traducción, Joaquina González Marina de Jacobson]. |
| 250 | _a[1ª ed.]. | ||
| 260 |
_aBarcelona : _bPlaneta, _c[1970] |
||
| 300 |
_a290 p. ; _c19 cm. |
||
| 700 | 1 |
_aGonzález-Marina, Joaquina. _958778 |
|
| 852 |
_aES-MaACL _jC-39941 _bR.73811 |
||
| 999 |
_c72134 _d72134 |
||